Sejarah sosial masyarakat Malaysia /

Bibliographic Details
Main Author: Ishak Saat,Hj
Format: Book
Published: Shah Alam: Karisma Publications sdn bhd, 2005.
Subjects:
LEADER 00582cam a2200193 7i4500
001 0000017974
005 20151104090000.0
005 ##20151104121300.0
003 ##MY-KlINT
020 # # |a 9831951190  
039 # 9 |y 201511041213  |z VLOAD 
090 0 0 |a 959.5   |b ISH 
100 1 # |a Ishak Saat,Hj. 
245 1 0 |a Sejarah sosial masyarakat Malaysia /   |c by Hj. Ishak Saat. 
260 # # |a Shah Alam:   |b Karisma Publications sdn bhd,   |c 2005. 
300 # # |a v,134p.;   |c 21cm. 
650 # 0 |a Malaysia --   |x Social conditions --   |x History  
650 # 0 |a Malay --   |x Social life and customs  
650 # 0 |a Malaysia --   |x History